| 000 | 00712nam a22002297a 4500 | ||
|---|---|---|---|
| 999 |
_c6924 _d6924 |
||
| 003 | OSt | ||
| 005 | 20210511110704.0 | ||
| 008 | 210511b ||||| |||| 00| 0 eng d | ||
| 020 | _a9781119588825 | ||
| 040 | _cNLM | ||
| 082 | _aWA900 D22Ib 2019 | ||
| 100 |
_a Daniel, Wayne W.; Cross,Chad L. _914204 |
||
| 245 |
_aBiostatistics : _b A Foundation for Analysis in the Health Sciences |
||
| 250 | _a Eleventh edition | ||
| 260 |
_aHoboken, NJ : _b Wiley, _c 2019 |
||
| 300 |
_axix, 695 pages : _b illustrations ; _c26 cm |
||
| 504 | _aIncludes bibliographical references and index. | ||
| 650 |
_aMedical statistics. _91389 |
||
| 650 |
_a Biometry. _91390 |
||
| 650 |
_a Biostatistics. _92250 |
||
| 942 |
_2z _cBOOK |
||